000 00731nam a22002177a 4500
003 UA-OsUOA
001 80686
007 ta
008 20111222b un ||||| |||| 00| 0 ukr d
100 _aАнашкина Е.В.
090 _a81
_bА64
942 _cSA
040 _aUA-OsUOA
_brus
_cUA-OsUOA
_dUA-OsUOA
245 _aЭволюция представлений о явлении метонимии в риторике и стилистике
300 _aС.22-31
955 _a0
041 _arus
080 _a81
773 0 _w80684
_tВопросы филологических наук
_dМ.
_d2011
_g5
650 7 _a8 Мовознавство. Художня література. Літературознавство
_2UDC
999 _c366994
_d366994